LEADER 01184nam a2200229 i 4500 001 000000136390 003 CaOOAMICUS 005 20210312135432.0 008 100223s1594 xx u000 u lat u 013 $a109942 040 $aSeMil$bita 245 13$aDe SS. Martyrum cruciatibus liber. 260 $aRoma :$bex Typ. Congr. Oratorii, excudebat Aloysius Zannetus,$c1594. 300 $a15,5 x 21 ;$cpp. 308, con illustrazioni ;$crom. 500 $aDescrizione da : Incunaboli e Cinquecentine della Biblioteca del Seminario di Milano / catalogo a cura di Ubaldo Valentini, Milano 1981. - Numero di catalogo : 716. 700 1 $aGallonio, Antonio,$d<1556-1605>.$0(OLS)http://semarc/name/41067 850 $aSeMil 852 $aSeMil$W1$xVenegono$y1$mFV.F III 47$j224941$B90005$CSeMilBibl$Z2$F94885 $86 852 $aSeMil$W1$xVenegono$y1$mMM A 139$j224942$qCD-ROM: riproduzione integrale della Cinquecentina FV.F III 47$B235884$CSeMilBibl$Z2$F235884 $8I 996 $6245$aDe SS. Martyrum cruciatibus liber$9(OLS)http://semarc/title/199281 996 $6260$aRoma :$bex Typ. Congr. Oratorii, excudebat Aloysius Zannetus$9(OLS)http://semarc/publisher/46967 LEADER 01616nam a2200349 i 4500 001 000000045173 003 CaOOAMICUS 005 20091103000000.0 008 091103s1983 fr u000 u fre u 013 $a16343 020 $a2-249-61123-8 040 $aSeMil$bita 100 1 $aBalthasar, Hans Urs : von,$c.$0(OLS)http://semarc/name/881 245 13$aLe cardinal Henri De Lubac :$bl'homme et son oeuvre /$cH. U. von Balthasar, G. Chantraine ; avec une lettre de Paul 6. 260 $aNamur :$bCulture et vérité,$c1983. 260 $aParis :$bLethielleux,$c1983. 300 $a139 p. ;$c22 cm. 490 0 $aLe sycomore. Série Chrétiens aujourd'hui ;$v9 600 14$aLubac, Henri : de .$0(OLS)http://semarc/subject/7187 700 1 $aChantraine, Georges .$0(OLS)http://semarc/name/4582 700 0 $aPaulus VI,$c.$0(OLS)http://semarc/name/803 830 3$aLe sycomore. Série Chrétiens aujourd'hui ;$v9.$0(OLS)http://semarc/title/20981 850 $aSeMil 852 $aSeMil$W1$xVenegono$y1$m2B V 114$j11328$B11328$CSeMilBibl$Z2$F11328 $81 900 1 $aMontini, Giovanni Battista,$d<1897-1978>. 900 0 $aPaolo VI$c. 996 $6020$a2-249-61123-8$9(OLS)http://semarc/number/17286 996 $6245$aLe cardinal Henri De Lubac :$bl'homme et son oeuvre$9(OLS)http://semarc/title/67100 996 $6260$aParis :$bLethielleux$9(OLS)http://semarc/publisher/30156 996 $6260$aNamur :$bCulture et vérité$9(OLS)http://semarc/publisher/32223